000 007220000a22002290004500
041 0 _aEspañol
090 _aMM
_b00034
245 1 0 _aGalápagos
_smás allá de Darwin, Darwin sólo escarbó la superficie
300 _a90 min.
_bVHS
650 1 4 _aExpediciones científicas
_992957
650 1 4 _aEcosistemas marinos
_993451
650 1 4 _aEvolución
_992797
650 1 4 _aSelección natural
_98289
650 1 4 _aImpacto humano
_93679
651 4 _lIslas Galápagos
_pEcuador
_992749
600 1 4 _aDarwin, Charles
_f1809-1882
_9100854
041 0 _aEspañol
710 1 _aDavid Clark Inc.
_9100855
110 1 _aDiscovery Chanel Pictures
_9100856
260 _as.l.
_bDiscovery Communications Inc.
_c1996
942 _cCD-ROM
999 _c16447
_d16447